Medaliści Polski na Letnich Igrzyskach Olimpijskich Tokio 2020 - Statystyki

Ogólne statystyki
  • Ten quiz został rozwiązany 79 razy
  • Średni wynik to 16 z 32
Statystyki odpowiedzi
Medal Zawodnik Dyscyplina Konkurencja Resultant Data % Poprawnych
Złoto Anita Włodarczyk Lekkoatletyka rzut młotem kobiet 78,48 m SB 3 sierpnia
95%
Brąz Paweł Fajdek Lekkoatletyka rzut młotem mężczyzn 81,53 m 4 sierpnia
89%
Złoto Justyna Święty-Ersetic Lekkoatletyka sztafeta mieszana 4 × 400 m 3:09,87 OR 31 lipca
83%
Srebro Justyna Święty-Ersetic Lekkoatletyka sztafeta 4 × 400 m kobiet 3:20,53 NR 7 sierpnia
83%
Złoto Wojciech Nowicki Lekkoatletyka rzut młotem mężczyzn 82,52 m PB 4 sierpnia
83%
Złoto Dawid Tomala Lekkoatletyka chód na 50 km mężczyzn 3:50:08 6 sierpnia
78%
Srebro Maria Andrejczyk Lekkoatletyka rzut oszczepem kobiet 64,61 m 6 sierpnia
72%
Złoto Kajetan Duszyński Lekkoatletyka sztafeta mieszana 4 × 400 m 3:09,87 OR 31 lipca
70%
Brąz Malwina Kopron Lekkoatletyka rzut młotem kobiet 75,49 m SB 3 sierpnia
70%
Brąz Patryk Dobek Lekkoatletyka bieg na 800 m mężczyzn 1:45,39 4 sierpnia
70%
Srebro Iga Baumgart-Witan Lekkoatletyka sztafeta 4 × 400 m kobiet 3:20,53 NR 7 sierpnia
69%
Złoto Natalia Kaczmarek Lekkoatletyka sztafeta mieszana 4 × 400 m 3:09,87 OR 31 lipca
69%
Srebro Natalia Kaczmarek Lekkoatletyka sztafeta 4 × 400 m kobiet 3:20,53 NR 7 sierpnia
69%
Złoto Małgorzata Hołub-Kowalik Lekkoatletyka sztafeta mieszana 4 × 400 m 3:09,87 OR 31 lipca
67%
Srebro Małgorzata Hołub-Kowalik Lekkoatletyka sztafeta 4 × 400 m kobiet 3:20,53 NR 7 sierpnia
67%
Złoto Karol Zalewski Lekkoatletyka sztafeta mieszana 4 × 400 m 3:09,87 OR 31 lipca
64%
Srebro Anna Kiełbasińska Lekkoatletyka sztafeta 4 × 400 m kobiet 3:20,53 NR 7 sierpnia
63%
Srebro Karolina Naja Kajakarstwo K-2 500 m kobiet 1:36,753 3 sierpnia
48%
Brąz Karolina Naja Kajakarstwo K-4 500 m kobiet 1:36,445 7 sierpnia
48%
Brąz Tadeusz Michalik Zapasy styl klasyczny do 97 kg 10–0 3 sierpnia
42%
Złoto Iga Baumgart-Witan Lekkoatletyka sztafeta mieszana 4 × 400 m 3:09,87 OR 31 lipca
39%
Złoto Dariusz Kowaluk Lekkoatletyka sztafeta mieszana 4 × 400 m 3:09,87 OR 31 lipca
22%
Srebro Katarzyna Zillmann Wioślarstwo czwórka podwójna kobiet 6:11,36 28 lipca
22%
Srebro Anna Puławska Kajakarstwo K-2 500 m kobiet 1:36,753 3 sierpnia
20%
Brąz Anna Puławska Kajakarstwo K-4 500 m kobiet 1:36,445 7 sierpnia
20%
Srebro Agnieszka Skrzypulec Żeglarstwo 470 54 4 sierpnia
19%
Srebro Jolanta Ogar-Hill Żeglarstwo 470 54 4 sierpnia
17%
Srebro Agnieszka Kobus-Zawojska Wioślarstwo czwórka podwójna kobiet 6:11,36 28 lipca
14%
Srebro Marta Wieliczko Wioślarstwo czwórka podwójna kobiet 6:11,36 28 lipca
11%
Brąz Helena Wiśniewska Kajakarstwo K-4 500 m kobiet 1:36,445 7 sierpnia
8%
Brąz Justyna Iskrzycka Kajakarstwo K-4 500 m kobiet 1:36,445 7 sierpnia
8%
Srebro Maria Sajdak Wioślarstwo czwórka podwójna kobiet 6:11,36 28 lipca
6%
Nie znaleziono quizów pasujących do podanych kryteriów
Rozkład punktacji
Procent ludzi z każdym wynikiem
Percentyl według liczby udzielonych odpowiedzi
Twoja historia wyników
Nie rozwiązałeś tego quizu